Environment law for the built environment. (Record no. 101447)
[ view plain ]
| 000 -LEADER | |
|---|---|
| fixed length control field | 01154cam a2200265 4500 |
| 008 - FIXED-LENGTH DATA ELEMENTS--GENERAL INFORMATION | |
| fixed length control field | 000000n2001 000 0 eng u |
| 020 ## - INTERNATIONAL STANDARD BOOK NUMBER | |
| International Standard Book Number | 1859415970 |
| 035 ## - SYSTEM CONTROL NUMBER | |
| System control number | (Sirsi) u112589 |
| 050 ## - LIBRARY OF CONGRESS CALL NUMBER | |
| Classification number | 614.7026 |
| 100 ## - MAIN ENTRY--PERSONAL NAME | |
| Personal name | Rostron, Jack |
| 245 ## - TITLE STATEMENT | |
| Title | Environment law for the built environment. |
| 260 ## - PUBLICATION, DISTRIBUTION, ETC. | |
| Place of publication, distribution, etc. | London |
| Name of publisher, distributor, etc. | Cavendish |
| Date of publication, distribution, etc. | 2001 |
| 300 ## - PHYSICAL DESCRIPTION | |
| Extent | xlvii, 376p. ; 24cm. |
| 350 ## - PRICE (NR) (BK AM CF MU VM SE) [OBSOLETE] | |
| Price | 22.95 |
| 520 ## - SUMMARY, ETC. | |
| Summary, etc. | This book provides an exposition of the relevant law and techniques commonly used to meet the regulatory requirements concerning the built environment. Various aspects of environmental law and technology are covered. Also highlighted is the importance of cross-boundary control, describing the European and international law and enforcement regimes, the agencies involved in town and country planning, procedures at inquiries and enforcement measures as well as looking at future developments. |
| 650 ## - SUBJECT ADDED ENTRY--TOPICAL TERM | |
| Topical term or geographic name entry element | ENVIRONMENT LAW |
| 650 ## - SUBJECT ADDED ENTRY--TOPICAL TERM | |
| Topical term or geographic name entry element | EUROPE |
| 650 ## - SUBJECT ADDED ENTRY--TOPICAL TERM | |
| Topical term or geographic name entry element | PLANNING |
| 650 ## - SUBJECT ADDED ENTRY--TOPICAL TERM | |
| Topical term or geographic name entry element | WATER POLLUTION |
| 650 ## - SUBJECT ADDED ENTRY--TOPICAL TERM | |
| Topical term or geographic name entry element | WASTE |
| 650 ## - SUBJECT ADDED ENTRY--TOPICAL TERM | |
| Topical term or geographic name entry element | AIR POLLUTION |
| 650 ## - SUBJECT ADDED ENTRY--TOPICAL TERM | |
| Topical term or geographic name entry element | Environment |
| 9 (RLIN) | 6238 |
| 690 ## - LOCAL SUBJECT ADDED ENTRY--TOPICAL TERM (OCLC, RLIN) | |
| Topical term or geographic name as entry element | ENVIRONMENT-ENVIRONMENTAL LAW |
| 942 ## - ADDED ENTRY ELEMENTS (KOHA) | |
| Suppress in OPAC | 0 |
| Withdrawn status | Lost status | Source of classification or shelving scheme | Damaged status | Not for loan | Home library | Current library | Shelving location | Date acquired | Cost, normal purchase price | Total Checkouts | Full call number | Barcode | Date last seen | Date last checked out | Copy number | Cost, replacement price | Price effective from | Koha item type |
|---|---|---|---|---|---|---|---|---|---|---|---|---|---|---|---|---|---|---|
| Dewey Decimal Classification | London | London | Books | 15/05/2001 | 22.95 | 13 | 614.7026 ROS | 30064410 | 06/08/2019 | 31/03/2008 | 1 | 22.95 | 06/08/2019 | Book |